Statistics for College Football Logos with No Letters

Click here to take the quiz!

General Stats

  • This quiz has been taken 913 times
  • The average score is 23 of 33

Answer Stats

Answer% Correct
Clemson
99%
Army
90%
Penn State
90%
Texas
89%
Florida
88%
Michigan State
85%
Arkansas
84%
Iowa
84%
Connecticut
83%
Missouri
83%
Kansas State
82%
Louisville
82%
Oregon State
82%
Arizona State
79%
Boise State
78%
Colorado State
74%
Southern Methodist
72%
Wyoming
72%
Ball State
68%
UAB
67%
Buffalo
63%
Coastal Carolina
60%
San Jose State
60%
Arkansas State
57%
New Mexico State
56%
UTSA
55%
South Alabama
54%
Southern Miss
52%
Nevada
51%
Georgia State
48%
Texas State
48%
Western Michigan
47%
Florida International
37%

Score Distribution

Percentile by Number Answered

Percent of People with Each Score

Your Score History

You have not taken this quiz